Geboren in Rostock - Statistiken

Allgemein
  • Dieses Quiz wurde 61 mal gespielt
    46 seit der letzten Aktualisierung
  • Das Durchschnittsergebnis liegt bei 3 aus 9
Antwortstatistiken
Hinweis Antwort % Korrekt
Fußballtrainer von Union Berlin (früher Köln, Hamburger SV und Paderborn) 1972 Steffen Baumgart
81%
in Dopingskandale verwickelter Radsportstar, Tour de France Sieger 1997 1973 Jan Ullrich
64%
Rapper, "Lila Wolken" "Kids" 1982 Marteria
62%
erster parteiloser Bundespräsident von 2012 bis 2017 und Pfarrer, der bei der Wiedervereinigung aktiv war 1940 Joachim Gauck
50%
ehemaliger Radsportler und Sprintspezialist, Sieger von 11 Tour de France Etappen 1982 André Greipel
10%
berühmte Übersetzerin der Mickey Maus Comics 1906 Erika Fuchs
10%
Schauspieler, "Nord bei Nordwest" "Marie Brand" 1974 Hinnerk Schönemann
10%
Bildhauer und Kulturfunktionär in der DDR 1928 Jo Jastram
7%
Medizinnobelpreisträger 1853 Albrecht Kossel
5%
Keine übereinstimmenden Quizze gefunden
Verteilung der Resultate
Anzahl Personen mit jedem Resultat
Perzentil nach korrekt beantworteten Fragen
Ihre Resultats-Entwicklung
Sie haben dieses Quiz seit der letzten Aktualisierung nicht gespielt